| 000 | 00961cam a22002778i 4500 | ||
|---|---|---|---|
| 008 | |||
| 020 | _a9781501305085 (pbk.) | ||
| 049 | _aMAIN | ||
| 090 |
_aREF TT557 _bGEN |
||
| 100 | 1 | _aGenova, Aneta. | |
| 245 | 1 | 0 |
_aFashion and technology : _ba guide to materials and applications / _cAneta Genova and Katherine Moriwaki, Parsons School of Design. |
| 260 |
_aNew York, NY : _bFairchild Books, an imprint of Bloomsbury, _c2016. |
||
| 300 |
_axv, 237 p. : _bcol. ill. ; _c26 cm. |
||
| 500 | _aIncludes index. | ||
| 504 | _aIncludes bibliographical references. | ||
| 650 | 0 |
_aClothing and dress _xMaterials. |
|
| 650 | 0 |
_aFashion design _xTechnological innovations. |
|
| 650 | 0 | _aElectronic textiles. | |
| 650 | 0 | _aWearable technology. | |
| 700 | 1 | _aMoriwaki, Katherine. | |
| 907 |
_a.b10391472 _b03-09-18 _c30-08-18 |
||
| 003 | |||
| 005 | 20230123141114.0 | ||
| 040 | _cNUST | ||
| 942 |
_cBOOKS _kREF TT557 _mGEN |
||
| 999 |
_c167776 _d167776 |
||